| Tag |
First Indicator |
Second Indicator |
Subfields |
| LEADER |
00000cam a22000004a 4500 |
| 001 |
in00002040021 |
| 005 |
20220105142250.0 |
| 006 |
m d |
| 007 |
cr cnu---unuuu |
| 008 |
040521s2003 miua sb 001 0 eng d |
| 020 |
|
|
|a 1417505931 (electronic bk.)
|
| 035 |
|
|
|a (OCoLC)ocm55233452
|
| 040 |
|
|
|a N$T
|c N$T
|d OCLCQ
|d UtOrBLW
|
| 049 |
|
|
|a IICN
|
| 050 |
1 |
4 |
|a HB615
|b .E3387 2003eb
|
| 082 |
0 |
4 |
|a 368
|2 22
|
| 245 |
0 |
4 |
|a The economics of risk /
|c Donald J. Meyer, editor.
|
| 264 |
|
1 |
|a Kalamazoo, Mich. :
|b W.E. Upjohn Institute for Employment Research,
|c 2003.
|
| 300 |
|
|
|a v, 185 pages :
|b illustrations ;
|c 23 cm.
|
| 336 |
|
|
|a text
|b txt
|2 rdacontent
|
| 337 |
|
|
|a computer
|b c
|2 rdamedia
|
| 338 |
|
|
|a online resource
|b cr
|2 rdacarrier
|
| 504 |
|
|
|a Includes bibliographical references (pages 160-167) and index.
|
| 505 |
0 |
|
|a Risk and risk management / Keith J. Crocker -- States of the world and the state of decision theory / Mark J. Machina -- Gambling with the future / William R. Eadington -- Common value auctions and the winner's curse / John H. Kagel -- Sharing very high risks / Katherine Swartz -- Risk and agriculture / Rulon D. Pope.
|
| 533 |
|
|
|a Electronic reproduction.
|b Boulder, Colo. :
|c NetLibrary,
|d 2004.
|n Available via World Wide Web.
|n Access may be limited to NetLibrary affiliated libraries.
|
| 500 |
|
|
|a Electronic resource.
|
| 650 |
|
0 |
|a Risk.
|0 http://id.loc.gov/authorities/subjects/sh85114195
|
| 650 |
|
0 |
|a Economics.
|0 http://id.loc.gov/authorities/subjects/sh85040850
|
| 650 |
|
0 |
|a Risk management.
|0 http://id.loc.gov/authorities/subjects/sh85114200
|
| 655 |
|
7 |
|a Electronic books.
|2 local
|
| 700 |
1 |
|
|a Meyer, Donald J.,
|d 1957-
|0 http://id.loc.gov/authorities/names/n2003114215
|
| 710 |
2 |
|
|a NetLibrary, Inc.
|0 http://id.loc.gov/authorities/names/no99080690
|
| 776 |
1 |
|
|c Original
|z 0880992670
|z 0880992689
|w (DLC) 2003020210
|w (OCoLC)53139290
|
| 856 |
4 |
1 |
|u https://proxy.library.tamu.edu/login?url=http://www.netLibrary.com/urlapi.asp?action=summary&v=1&bookid=108960
|z Connect to the full text of this electronic book
|t 0
|
| 994 |
|
|
|a 92
|b IIC
|
| 999 |
|
|
|a MARS
|
| 999 |
f |
f |
|s f7074dfe-301a-34cc-b9f6-1167452b05ae
|i 1bc9ec39-17e2-3103-a55b-27805cb184c7
|t 0
|
| 952 |
f |
f |
|a Texas A&M University
|b College Station
|c Electronic Resources
|d Available Online
|t 0
|e HB615 .E3387 2003eb
|h Library of Congress classification
|
| 998 |
f |
f |
|a HB615 .E3387 2003eb
|t 0
|l Available Online
|